[Event "Dieppe op 11th"]
[Site "Dieppe"]
[Date "2015.08.22"]
[Round "1"]
[White "Bensaid, Brahim"]
[Black "Giacometto, Mario"]
[Result "1-0"]
[WhiteElo "1764"]
[BlackElo "1946"]
[PlyCount "47"]
[EventDate "2015.08.22"]
[EventType "swiss"]
[EventRounds "9"]
[EventCountry "FRA"]
[SourceTitle "EXT 2018"]
[Source "ChessBase"]
[SourceDate "2017.10.13"]
[SourceVersion "1"]
[SourceVersionDate "2017.10.13"]
[SourceQuality "1"]

1. e4 e6 2. d4 d5 3. exd5 exd5 4. Nc3 Bb4 5. Be3 Ne7 6. Bd3 Bf5 7. Nge2 Nbc6 8. 0-0 Bxd3 9. Qxd3 0-0 10. Bg5 Qd7 11. a3 Bxc3 12. Nxc3 f6 13. Be3 a6 14. Rad1 Rfe8 15. f3 Na5 16. b3 b5 17. Rfe1 c6 18. Bf2 Nb7 19. Re2 Qf5 20. Rxe7 Nd6 21. Rxe8+ Rxe8 22. Qxf5 Nxf5 23. g4 Nd6 24. Re1 1-0